Language shift in the United States
Сохранить в:
| Главный автор: | |
|---|---|
| Формат: | |
| Язык: | английский |
| Опубликовано: |
Berlín
Mouton
1983
|
| Серии: | Contributions to the Sociology of Language, 34
|
| Предметы: | |
| Метки: |
Добавить метку
Нет меток, Требуется 1-ая метка записи!
|
MARC
| LEADER | 00000nam a2200000 a 4500 | ||
|---|---|---|---|
| 001 | UCH0386 | ||
| 003 | CL-VaPUC | ||
| 008 | 090312e19830000GW |||||||||||||||||eng|d | ||
| 020 | |a 9027932204 | ||
| 082 | 0 | 4 | |a 306.44 |b VEL |2 21 |
| 100 | 0 | |a Veltman, Calvin |e author |9 534556 | |
| 245 | 1 | 0 | |a Language shift in the United States |
| 300 | |a 432 p | ||
| 942 | |c BK | ||
| 945 | |d 20090312 00:00:00 |a rbrito | ||
| 260 | |a Berlín |b Mouton |c 1983 | ||
| 650 | 0 | |a Sociolingüística |9 263716 | |
| 650 | 0 | |a Inglés |9 260023 | |
| 650 | 0 | |a Lenguaje infantil |9 314705 | |
| 583 | |a last modification |c 20130105 01:05:11 |k Rodrigo Vera | ||
| 490 | 0 | |a Contributions to the Sociology of Language, 34 | |
| 999 | |c 332716 |d 332714 | ||
| 952 | |0 0 |1 0 |4 0 |6 306_440000000000000_VEL_1983 |7 0 |8 A |9 420612 |a FDOPOS |b FDOPOS |d 2019-11-22 |i 4517199 |o 306.44 VEL 1983 |p 4517199 |r 2025-01-22 |w 2019-11-22 |y BK |k MLA | ||